书目信息 |
| 题名: |
中小型变压器实用技术问答
|
|
| 作者: | 曹永安 编著 | |
| 分册: | ||
| 出版信息: | 北京 中国水利水电出版社 1998.02 |
|
| 页数: | 261页 | |
| 开本: | 32开 | |
| 丛书名: | ||
| 单 册: | ||
| 中图分类: | TM432 | |
| 科图分类: | ||
| 主题词: | 变压器--按频率分的 | |
| 电子资源: | ||
| ISBN: | 7-80124-554-7 | |
| 000 | 00594nam0 2200193 45 | |
| 001 | 0008210927 | |
| 005 | 20001201102315.7 | |
| 010 | @a7-80124-554-7@d13.50元 | |
| 100 | @a20000821d1998 km y0chiy0120 ea | |
| 101 | 0 | @achi |
| 105 | @a z 000yy | |
| 200 | 1 | @a中小型变压器实用技术问答@AZhong Xiao Xing Bian Ya Qi Shi Yong Ji Shu Wen Da@f曹永安编著@FCao Yong An Bian Zhu |
| 210 | @a北京@c中国水利水电出版社@d1998.02 | |
| 215 | @a261页@d32开 | |
| 606 | 0 | @a变压器@x按频率分的 |
| 690 | @aTM432@v3 | |
| 701 | 0 | @a曹永安@4编著 |
| 801 | @aCN@bPftUser@c20000821 | |
| 905 | @dTM432@eC017@b509264-265@f2 | |
| 中小型变压器实用技术问答/曹永安编著.-北京:中国水利水电出版社,1998.02 |
| 261页;32开 |
| ISBN 7-80124-554-7:13.50元 |
| ● |
| 相关链接 |
|
|
|
正题名:中小型变压器实用技术问答
索取号:TM432/C017
 
预约/预借
| 序号 | 登录号 | 条形码 | 馆藏地/架位号 | 状态 | 备注 |
| 1 | 509264 | 205092647 | 自科二线404/301自科库 9排2列3层/ [索取号:TM432/C017] | 在馆 | |
| 2 | 509265 | 205092656 | 自科二线404/404自科库 23排5列3层/ [索取号:TM432/C017] | 在馆 |